000 01320naa a22003617a 4500
001 BR8005850
003 BR-BrBNA
005 20240918174653.0
007 ta
008 230509b bl.||||| |||| 00| 0 por d
040 _aBR-BrBNA
_bpor
_cBiblioteca Nacional de Agricultura
041 _a(Pt)
072 _aT00
_b/G514
_bGZ36
090 _aT00 BR8005850
100 1 _aBertoli, J.L.R.
100 1 _aDias, N.C.
100 1 _aFerreira, L.A.
111 1 _a1. Congresso Brasileiro de Aguas Subterraneas
_cRecife, PE (Brazil)
_d9-14 Nov 1980
245 1 _aEstimativa da desnitrificacao no Vale do Paraiba para a fonte agropecuaria - Programa Nitrobal [Nitrogenio Proveniente da Agropecuaria no Vale do Paraiba, Brasil]
260 3 _aRecife, PE (Brasil):
_c1980.
500 _aAnais do 1. Congresso Brasileiro de Aguas Subterraneas Recife, PE (Brasil): 1980. p. 187-206 (BR8005850-AM)T00
650 _aAGUAS SUBTERRANEAS
650 _aRECURSO HIDRICO
650 _aPOLUICAO
650 _aAGRICULTURA
650 _aPECUARIA
650 _aNITROGENIO
650 _aCICLO DO NITROGENIO
650 _aVALE DO PARAIBA
773 0 _tAnais do 1. Congresso Brasileiro de Aguas Subterraneas
_wT00 BR8005850
_gRecife, PE (Brasil), 1980. p. 187-206
909 _a202404
_bLucia
_c55
_dLucia Elande
942 _cAM
_2AGRIS
999 _c312747
_d312747